000 00407cam a2200169 4500
001 D11930
008 090401t1949 xxu||||| |||| 00| 0 eng d
035 _a(Sirsi) u303
041 _aeng
245 4 _aThe Agricultural Landowner`s handbook on taxation
250 _a8th
260 _aLondon
_bCentral Landowner`s Assoc
_c1949
350 _a0
520 _aShelf 176
942 _n0
948 _c04/03/1997
999 _c85527
_d85527